00275nam a2200097Ia 4500008004100000245003400041245003200075260000900107650001300116856004800129171211s9999 xx 000 0 und d aXero For Dummies, 3rd Edition cHeather Smith and Rod Drury c2017 xSOFTWARE uhttp://down.ebook777.com/063/0730334252.pdf